| 000 | 00990nam a2200289 a 4500 | ||
|---|---|---|---|
| 005 | 20200104041604.0 | ||
| 008 | 160116s2005 ck||||| |||| 00| 0 spa d | ||
| 020 | _a9589769012 | ||
| 040 |
_aCO-BoIAVH _cCO-BoIAVH |
||
| 041 | _aspa | ||
| 044 | _ack | ||
| 082 | 0 | 4 |
_a599.5 _bT86m |
| 100 | 1 | _aTrujillo, Fernando | |
| 245 | 1 | 0 |
_aMamíferos acuáticos y relacionados con el agua neotropical / _cFernando Trujillo y (otros cuatro autores). |
| 260 |
_aBogotá : _bConservación Internacional, _c2005. |
||
| 300 | _a134 p. | ||
| 490 | 0 | 0 |
_aSerie libretas de campo ; _v4 |
| 650 | 1 | 4 | _aAnimales acuáticos |
| 650 | 2 | 4 | _aMamíferos acuáticos |
| 650 | 2 | 4 | _aHábitat acuático |
| 700 |
_aRodríguez Mahecha, José Vicente, _eautor. |
||
| 700 |
_aDíaz Granados , María Claudía, _eautor. |
||
| 700 |
_aTirira, Diego, _eautor. |
||
| 700 |
_aGonzález Hernández, Andrés, _eautor. |
||
| 942 |
_cLIBRO _2ddc |
||
| 945 | _d2007-11-21 | ||
| 999 |
_c5946 _d5946 |
||